City by Picture 8 (Spain + Hints) SE - Statistics

General Stats
  • This quiz has been taken 44 times
  • The average score is 5 of 7
Answer Stats
Picture Hint Answer % Correct
The largest city Barcelona
98%
The Capital City Madrid
98%
The Granadan Castle Granada
83%
Montes de Malaga Malaga
83%
I took a pill in... Ibiza
70%
Balearic Isles Palma
70%
C the tall tower? Seville
48%
No matching quizzes found
Score Distribution
Percent of People with Each Score
Percentile by Number Answered
Your Score History
You have not taken this quiz